| 000 | 00708cam a22002412 4500 | ||
|---|---|---|---|
| 001 | 0000001666 | ||
| 005 | 20151217151824.0 | ||
| 008 | 070321s xx 000 0 eng d | ||
| 020 | _a0395719968 D : | ||
| 040 |
_aKABU _cKABU |
||
| 050 | 0 |
_aHD30.28 _b.H55 1995 |
|
| 100 | 1 |
_aHill, Charles W. L. _@0000150602 |
|
| 245 | 1 | 0 |
_aCases in strategic management / _cCharles W. L. Hill, Gareth R. Jones. |
| 250 | _a2nd ed. | ||
| 260 |
_aBoston : _bHoughtone, _c1995. |
||
| 300 | _axvii, 547 p. | ||
| 650 | 0 |
_aStrategic planning. _@0000150576 |
|
| 700 | 1 |
_aJones, Gareth J. _@0000150603 |
|
| 908 | _a070321 | ||
| 950 | _@1 | ||
| 999 |
_c5375 _d5375 |
||